| 000 | 00564pam a2200193 a 4500 | ||
|---|---|---|---|
| 020 |
_a9780781742504 _c4187.00 |
||
| 041 |
_aeng _hNULL |
||
| 082 |
_a618.1 _bCUR/OVER |
||
| 100 | _aCURTIS , M .G.,.OVERHOLT, S, HOPKINS, M. P. | ||
| 245 |
_aGLASS OFFICE GYNECOLOGY / _cNULL. _hTextual Documents |
||
| 250 |
_a6 ED / _b. |
||
| 260 |
_aNULL : : _bLIPPINCOTT WILLIAMS & WILKINS , , _c2006. |
||
| 300 |
_a682 : : _bXV ; ; _cA4 . . |
||
| 365 | _a4187.00 | ||
| 700 |
_aOVERHOLT, S . _aHOPKINS, M . |
||
| 930 | _a2494 | ||
| 999 |
_c797029 _d797029 |
||
| 650 | _aOBST.GYNE | ||